| 000 | 00872nam a2200253 i 4500 | ||
|---|---|---|---|
| 001 | 104034 | ||
| 003 | ES-MaACL | ||
| 005 | 20250815095102.0 | ||
| 007 | t| | ||
| 008 | 051122s1964 sp ||||1| spa d | ||
| 100 | 1 |
_aMeynaud, Jean. _980816 |
|
| 245 | 1 | 0 |
_aProblemas ideológicos del siglo XX _b: (El destino de las ideologías y Tecnocracia y política) / _cJean Meynaud ; [versión de Jorge Esteban]. |
| 260 |
_aBarcelona : _bAriel, _c1964. |
||
| 300 |
_a415 p. ; _c20 cm. |
||
| 490 | 1 |
_aDemos. Biblioteca de ciencia política ; _v12 |
|
| 650 | 7 |
_aPolítica _2embne _9140345 |
|
| 650 | 7 |
_aEconomía _2embne _912006 |
|
| 650 | 4 |
_aTecnocracia. _9146267 |
|
| 700 | 1 |
_aEsteban, Jorge de. _948032 |
|
| 830 | 1 |
_aDemos. Biblioteca de ciencia política _v12 _9182643 |
|
| 852 | 4 |
_aES-MaACL _jE-5679 |
|
| 852 | 4 |
_aES-MaACL _jE-5925 |
|
| 999 |
_c104034 _d104034 |
||